[Event "Verbandsliga Nord Baden 1213"]
[Site "Baden"]
[Date "2012.11.18"]
[Round "2.8"]
[White "Frey, Alisa"]
[Black "Steinmacher, Josef"]
[Result "0-1"]
[WhiteElo "2054"]
[BlackElo "2021"]
[PlyCount "110"]
[EventDate "2012.10.21"]
[EventType "team-tourn"]
[EventRounds "9"]
[EventCountry "GER"]
[SourceTitle "EXT 2014"]
[Source "ChessBase"]
[SourceDate "2013.11.20"]
[SourceVersion "1"]
[SourceVersionDate "2013.11.20"]
[SourceQuality "1"]
[WhiteTeam "Eppingen II"]
[BlackTeam "Bad Mergentheim II"]
[WhiteTeamCountry "GER"]
[BlackTeamCountry "GER"]

1. e4 c6 2. d4 d5 3. Nc3 dxe4 4. Nxe4 Bf5 5. Ng3 Bg6 6. h4 h6 7. Nf3 Nd7 8. h5 Bh7 9. Bd3 Bxd3 10. Qxd3 e6 11. Bf4 Qa5+ 12. Bd2 Qc7 13. 0-0-0 Ngf6 14. Ne4 Be7 15. g3 0-0 16. Bf4 Qa5 17. Kb1 c5 18. Ne5 cxd4 19. Nxd7 Nxd7 20. Qxd4 Rfd8 21. Bd2 Qc7 22. Bc3 Nf6 23. Qa4 Nd5 24. Bd2 Rac8 25. Nc3 a6 26. Nxd5 Rxd5 27. Bc3 b5 28. Qe4 Rcd8 29. Qg4 Bf8 30. Kc1 Qc5 31. a3 Qxf2 32. Rdf1 Qe3+ 33. Kb1 Rg5 34. Qh4 Qxg3 35. Qe4 Qd6 36. Qb7 f6 37. Rh3 Rd5 38. Rhh1 Rb8 39. Qa7 Qb6 40. Qxb6 Rxb6 41. Rf3 Kf7 42. Rhf1 Be7 43. Rh3 Rc6 44. Re1 Bc5 45. Re2 Rcd6 46. Ka2 Rf5 47. Kb3 Rdd5 48. Reh2 Bd4 49. Bb4 Bb6 50. Rc3 a5 51. Rc6 Bd8 52. Bc3 Rxh5 53. Rg2 Rh3 54. Ra6 g5 55. Re2 e5 0-1

[Event "Arber op 1st"]
[Site "Bayerisch Eisenstein"]
[Date "2012.08.19"]
[Round "2"]
[White "Kuelzer, Marius"]
[Black "Steinmacher, Josef"]
[Result "0-1"]
[WhiteElo "1784"]
[BlackElo "1959"]
[PlyCount "80"]
[EventDate "2012.08.18"]
[EventType "swiss"]
[EventRounds "9"]
[EventCountry "GER"]
[SourceTitle "CBM 150 Extra"]
[Source "ChessBase"]
[SourceDate "2012.10.19"]
[SourceVersion "1"]
[SourceVersionDate "2012.10.19"]
[SourceQuality "1"]

1. d4 d5 2. c4 e6 3. Nc3 Nf6 4. Nf3 Nbd7 5. Bf4 c6 6. e3 Be7 7. Bd3 0-0 8. 0-0 a6 9. a4 a5 10. Qe2 Nh5 11. Ne5 Nxf4 12. exf4 dxc4 13. Bc2 g6 14. Rad1 Nf6 15. Qxc4 Nd5 16. g3 Qb6 17. b3 Qa6 18. Ne4 f6 19. Qxa6 Rxa6 20. Nc4 Rd8 21. Nc5 Ra8 22. Rfe1 Kf7 23. Bd3 b6 24. Ne4 b5 25. axb5 cxb5 26. Ne3 Bb4 27. Re2 Bd7 28. Rc1 Rac8 29. Rec2 Nb6 30. Nc5 Be8 31. Nb7 Rxd4 32. Bxg6+ hxg6 33. Rxc8 Nxc8 34. Rxc8 Ke7 35. Rc7+ Rd7 36. Rxd7+ Bxd7 37. Nc2 Bc6 38. Nxb4 Bxb7 39. Nd3 Kd6 40. Kf1 Bd5 0-1

[Event "Verbandsliga Nord Baden 1112"]
[Site "Germany"]
[Date "2012.04.29"]
[Round "9.8"]
[White "Maes, Patrick"]
[Black "Steinmacher, Josef"]
[Result "0-1"]
[WhiteElo "2068"]
[BlackElo "2007"]
[PlyCount "81"]
[EventDate "2011.10.09"]
[EventType "team-tourn"]
[EventRounds "9"]
[EventCountry "GER"]
[SourceTitle "EXT 2013"]
[Source "ChessBase"]
[SourceDate "2012.11.22"]
[SourceVersion "1"]
[SourceVersionDate "2012.11.22"]
[SourceQuality "1"]
[WhiteTeam "Leimen"]
[BlackTeam "Bad Mergentheim II"]
[WhiteTeamCountry "GER"]
[BlackTeamCountry "GER"]

1. e4 c6 2. d3 e5 3. f4 d6 4. Nf3 Nf6 5. Be2 Be7 6. Nc3 Nbd7 7. 0-0 0-0 8. Kh1 b5 9. Qe1 a5 10. f5 b4 11. Nd1 d5 12. Nf2 Bb7 13. g4 c5 14. Nd2 Ne8 15. Bf3 d4 16. Bg2 Bg5 17. Nf3 Bxc1 18. Rxc1 Nd6 19. g5 c4 20. Ng4 f6 21. gxf6 gxf6 22. Qg3 Kh8 23. Nxd4 Nxe4 24. Bxe4 Bxe4+ 25. dxe4 exd4 26. Rcd1 Nc5 27. Qf4 d3 28. Nf2 Qd4 29. cxd3 cxd3 30. Rd2 Rae8 31. Re1 Rg8 32. Qe3 Qe5 33. Nxd3 Qxe4+ 34. Qxe4 Rxe4 35. Red1 Nxd3 36. Rxd3 Re2 37. R3d2 Rgg2 38. Rd8+ Kg7 39. Rg1 Rxg1+ 40. Kxg1 Rxb2 41. Rd7+ 0-1

[Event "Verbandsliga Nord Baden 1112"]
[Site "Germany"]
[Date "2011.10.09"]
[Round "1.6"]
[White "Steinmacher, Josef"]
[Black "Mueller, Erich"]
[Result "0-1"]
[WhiteElo "2007"]
[BlackElo "2131"]
[PlyCount "71"]
[EventDate "2011.10.09"]
[EventType "team-tourn"]
[EventRounds "9"]
[EventCountry "GER"]
[SourceTitle "EXT 2013"]
[Source "ChessBase"]
[SourceDate "2012.11.22"]
[SourceVersion "1"]
[SourceVersionDate "2012.11.22"]
[SourceQuality "1"]
[WhiteTeam "Bad Mergentheim II"]
[BlackTeam "Ladenburg"]
[WhiteTeamCountry "GER"]
[BlackTeamCountry "GER"]

1. d4 f5 2. Nf3 Nf6 3. c4 g6 4. Nc3 Bg7 5. g3 0-0 6. Bg2 d6 7. 0-0 Nc6 8. Bf4 Nh5 9. Qd2 Nxf4 10. gxf4 e6 11. Rac1 Bd7 12. Rfd1 Qe7 13. d5 Nd8 14. dxe6 Nxe6 15. Nd5 Qd8 16. e3 Re8 17. Ng5 c6 18. Nc3 Nxg5 19. fxg5 Qxg5 20. Qxd6 Rad8 21. Qc7 Bc8 22. f4 Qh4 23. c5 Bf8 24. b4 Qe7 25. Qxe7 Bxe7 26. Kf2 Bf6 27. Bf3 Bh4+ 28. Ke2 Be6 29. Rxd8 Rxd8 30. Nd1 Bxa2 31. b5 Be7 32. bxc6 bxc6 33. Bxc6 Rc8 34. Bd7 Rxc5 35. Ra1 Bc4+ 36. Kf3 0-1